| 000 | 00764nam a22002657a 4500 | ||
|---|---|---|---|
| 001 | 5663 | ||
| 003 | FISKH | ||
| 005 | 20250421114359.0 | ||
| 008 | 250109b cb ||||| |||| 00| 0 eng d | ||
| 020 | _a9780545137256 | ||
| 040 |
_aFISKH _beng _cFISKH _dFISKH |
||
| 050 | _aPZ7 | ||
| 082 | _a551.552 | ||
| 100 | _aMartin, JustIn McCory | ||
| 245 |
_aHurricanes / _cJustIn McCory Martin |
||
| 260 |
_aNew York : _bScholastic, _c2009. |
||
| 300 |
_a32 pages : _bcolor illustrations ; _c23 cm |
||
| 505 | _aJ | ||
| 520 | _aTeaches key science concepts and must-know sight words, all about hurricanes. | ||
| 521 | 8 |
_a450
_bLexile |
|
| 521 | 8 |
_aJ
_bRaz-Plus |
|
| 650 |
_aHurricanes _vStorms _xweather |
||
| 942 |
_2ddc _cBK _n0 |
||
| 999 |
_c5663 _d5663 |
||